| 000 | 00415nam a2200157Ia 4500 | ||
|---|---|---|---|
| 008 | 240729s9999 xx 000 0 und d | ||
| 022 | _a1605-8127 | ||
| 245 | 0 | _aReviews on Advanced Materials Science | |
| 260 | _aPoland | ||
| 260 | _bDe Gruyter | ||
| 650 | _a Chemical technology | ||
| 650 | _aTechnology | ||
| 856 | _uhttps://doaj.org/toc/2c952d251486497d9b4f356a0bae9bc3 | ||
| 942 | _2ddc | ||
| 942 | _cDOAJEJ | ||
| 999 |
_c69867 _d69867 |
||
| 945 |
_a1 _bMadushi Gamage _c1 _dMadushi Gamage |
||